| 000 | 00827 a2200229 4500 | ||
|---|---|---|---|
| 003 | Nust | ||
| 005 | 20230316110719.0 | ||
| 010 | _a 2004558056 | ||
| 020 | _a1859844464 | ||
| 035 | _a(OCoLC)ocm56469695 | ||
| 040 | _cNust | ||
| 082 | 0 | 4 | _a497,DEV |
| 100 | 1 |
_aDeutscher, Isaac _9108590 |
|
| 245 | 1 | 4 |
_aThe Prophet Unarmed : _bTrotsky, 1921-1929 / _cIsaac Deutscher. |
| 260 |
_aLondon ; _aNew York : _bVerso, _c2003. |
||
| 300 |
_axiv, 444 p. ; _c21 cm. |
||
| 505 | _aThe Power and The Dream (Page-1), The Anathema (Page-75), ‘Not By Politics Alone’ (Page-164), An Interval (Page-201), The Decisive Contest (Page-271), A Year at Alma ATA (Page-395). | ||
| 600 | 1 | 0 |
_aTrotsky, Leon, _d1879-1940. _9108591 |
| 650 | 0 |
_aRevolutionaries _zSoviet Union _9110381 |
|
| 650 | 0 |
_aStatesmen _zSoviet Union _9110382 |
|
| 942 |
_2ddc _cBK |
||
| 999 |
_c185719 _d185719 |
||